Fr. Conceicao Rodrigues College of Engineering

ISDN Second Edition (Record no. 23700)

MARC details
000 -LEADER
fixed length control field 00298nam a2200145Ia 4500
082 ## - DEWEY DECIMAL CLASSIFICATION NUMBER
Classification number 621.382
Item number KES
100 ## - MAIN ENTRY--PERSONAL NAME
Personal name Kessler G.C.
245 ## - TITLE STATEMENT
Title ISDN Second Edition
260 ## - PUBLICATION, DISTRIBUTION, ETC.
Name of publisher, distributor, etc. Mc Graw Hill
Place of publication, distribution, etc. New York
Date of publication, distribution, etc. 1993
300 ## - PHYSICAL DESCRIPTION
Extent 454
546 ## - LANGUAGE NOTE
Language note ENGLISH
654 ## - SUBJECT ADDED ENTRY--FACETED TOPICAL TERMS
Focus term ISDN
942 ## - ADDED ENTRY ELEMENTS (KOHA)
Koha item type Reference Book
Holdings
Withdrawn status Lost status Damaged status Not for loan Collection Home library Current library Shelving location Date acquired Source of acquisition Cost, normal purchase price Inventory number Total Checkouts Full call number Barcode Date last seen Cost, replacement price Price effective from Koha item type
        CRC Fr. Agnel's C.Rodrigues College of Engineering Fr. Agnel's C.Rodrigues College of Engineering   17/03/2023 Progressive Books 682.20 6022 dt 01.02.1996   621.382 KES 8093 17/03/2023 682.20 01/02/1996 Reference Book